[Event "LSS No Engine Cup 115 Preliminary 5"]
[Site "LSS email"]
[Date "2014.08.04"]
[Round "?"]
[White "Eilering, David L"]
[Black "Plotnikov, Vladimir Anatolievi"]
[Result "1-0"]
[WhiteElo "1464"]
[BlackElo "1222"]
[PlyCount "81"]
[EventDate "2014.08.05"]
[EventType "tourn (corr)"]
[EventRounds "6"]
[EventCountry "GER"]
[SourceTitle "Corr 2015"]
[Source "ChessBase"]
[SourceDate "2015.07.17"]
[SourceVersion "1"]
[SourceVersionDate "2015.07.17"]
[SourceQuality "1"]

1. e4 c5 2. Nc3 e6 3. f4 Nc6 4. Nf3 d6 5. Bc4 a6 6. a4 Nf6 7. d3 Be7 8. 0-0 d5 9. Ba2 d4 10. Ne2 b5 11. Qe1 0-0 12. Ng3 h6 13. e5 Nd5 14. axb5 axb5 15. Bxd5 Rxa1 16. Bxc6 Qb6 17. Be4 c4 18. f5 exf5 19. Bxf5 c3 20. Qf2 Bc5 21. Bxc8 Rxc8 22. Ne4 cxb2 23. Bxb2 Ra2 24. Bxd4 Bxd4 25. Nxd4 Rc7 26. Nd6 b4 27. Nc4 Qa7 28. Qe3 Ra1 29. Nd6 Rxf1+ 30. Kxf1 Qa1+ 31. Kf2 Qa2 32. Kg3 Qd5 33. Qf4 Re7 34. Nf3 b3 35. cxb3 Qxd3 36. b4 Qg6+ 37. Qg4 Qc2 38. Nf5 Kf8 39. Qxg7+ Ke8 40. Nxe7 Kxe7 41. e6 1-0

[Event "LSS No Engine Cup 115 Preliminary 5"]
[Site "LSS email"]
[Date "2014.08.04"]
[Round "?"]
[White "Wakeham, Marc R"]
[Black "Eilering, David L"]
[Result "0-1"]
[WhiteElo "708"]
[BlackElo "1464"]
[PlyCount "60"]
[EventDate "2014.08.05"]
[EventType "tourn (corr)"]
[EventRounds "6"]
[EventCountry "GER"]
[SourceTitle "Corr 2015"]
[Source "ChessBase"]
[SourceDate "2015.07.17"]
[SourceVersion "1"]
[SourceVersionDate "2015.07.17"]
[SourceQuality "1"]

1. e4 c6 2. d4 d5 3. Nc3 dxe4 4. f3 exf3 5. Nxf3 Nf6 6. Bc4 Bf5 7. 0-0 e6 8. Bb3 Bd6 9. Bg5 Nbd7 10. Bxf6 Nxf6 11. Ne5 0-0 12. Ne2 Qc7 13. Ng3 Bxe5 14. dxe5 Qxe5 15. Nxf5 exf5 16. c3 Rad8 17. Qe1 Ne4 18. Bc2 Qc5+ 19. Kh1 Rfe8 20. Bxe4 fxe4 21. Rd1 e3 22. Qe2 f5 23. Rfe1 Rxd1 24. Rxd1 f4 25. Rd4 Qf5 26. Rd1 Qg5 27. Rf1 Qb5 28. Re1 Qxe2 29. Rxe2 Rd8 30. h3 Rd2 0-1

[Event "SD-2012-0-00156"]
[Site "LSS email"]
[Date "2013.01.13"]
[Round "?"]
[White "Eilering, David L"]
[Black "Kuzmin, Konstantin"]
[Result "1/2-1/2"]
[WhiteElo "1432"]
[BlackElo "2037"]
[PlyCount "49"]
[EventDate "2012.11.27"]
[EventType "tourn (corr)"]
[EventRounds "6"]
[EventCountry "GER"]
[SourceTitle "Telechess CBM 161"]
[Source "ChessBase"]
[SourceDate "2014.07.16"]
[SourceVersion "1"]
[SourceVersionDate "2014.07.16"]
[SourceQuality "1"]

1. e4 c5 2. c3 e6 3. Nf3 d5 4. exd5 exd5 5. d4 Nc6 6. Bb5 Bd6 7. dxc5 Bxc5 8. 0-0 Nge7 9. Nbd2 0-0 10. Nb3 Bd6 11. Bd3 f6 12. Qc2 g6 13. Bh6 Rf7 14. Rae1 Bd7 15. Nbd4 Ne5 16. Be2 Qc7 17. h3 a6 18. Rd1 Re8 19. Rfe1 Nc8 20. Be3 Nc4 21. Bc1 Rfe7 22. b3 Ne5 23. Be3 Nf7 24. Bd3 Ne5 25. Be2 1/2-1/2

[Event "LSS No Engine Cup 47 Final"]
[Site "LSS email"]
[Date "2011.12.29"]
[Round "?"]
[White "Draba, Henryk"]
[Black "Eilering, David L"]
[Result "1-0"]
[WhiteElo "1606"]
[BlackElo "1444"]
[PlyCount "141"]
[EventDate "2011.12.30"]
[EventType "tourn (corr)"]
[EventRounds "6"]
[EventCountry "GER"]
[SourceTitle "Corr 2015"]
[Source "ChessBase"]
[SourceDate "2015.07.17"]
[SourceVersion "1"]
[SourceVersionDate "2015.07.17"]
[SourceQuality "1"]

1. d4 Nf6 2. c4 g6 3. Nc3 Bg7 4. e4 d6 5. Nf3 0-0 6. Be2 Na6 7. 0-0 e5 8. Re1 Bg4 9. d5 Nc5 10. Bg5 a5 11. Nd2 Bd7 12. Nb3 h6 13. Nxc5 hxg5 14. Nxd7 Nxd7 15. Na4 f5 16. Qc2 b6 17. h3 f4 18. Bg4 Nf6 19. Be6+ Kh8 20. Rad1 Nd7 21. b3 Rf6 22. Qd3 Nf8 23. Bg4 Nd7 24. Qf3 Qe7 25. Rd2 Rd8 26. a3 Ra8 27. h4 gxh4 28. Qh3 Nf8 29. Qxh4+ Kg8 30. Nc3 Nh7 31. Kf1 g5 32. Qh3 Rh6 33. Qf3 Nf6 34. Be6+ Kf8 35. Kg1 Nd7 36. b4 Rh4 37. Qd1 Nf6 38. Rd3 Bh6 39. bxa5 bxa5 40. g3 Rh5 41. Bg4 Nxg4 42. Qxg4 Qf7 43. Nb5 Rb8 44. Nxc7 Kg8 45. gxf4 Rh4 46. Qe6 gxf4 47. Kg2 a4 48. Rg1 Qxe6 49. Nxe6 Rg4+ 50. Kh2 Rxg1 51. Kxg1 Rb3 52. Rd1 Kf7 53. c5 dxc5 54. Nxc5 Rxa3 55. Nd3 Bg7 56. d6 Rc3 57. d7 Bf6 58. Nxe5+ Ke6 59. Ng6 Bd8 60. Nxf4+ Ke5 61. Ne2 Rc4 62. f3 a3 63. Ra1 Ra4 64. Nc3 Ra5 65. Ra2 Ke6 66. Nb1 Kxd7 67. Rxa3 Bb6+ 68. Kf1 Rh5 69. Nc3 Rh1+ 70. Kg2 Rg1+ 71. Kh2 1-0

[Event "LSS No Engine Cup 47 Final"]
[Site "LSS email"]
[Date "2011.12.29"]
[Round "?"]
[White "Eilering, David L"]
[Black "Gamb, Roper"]
[Result "0-1"]
[WhiteElo "1444"]
[BlackElo "2011"]
[PlyCount "38"]
[EventDate "2011.12.30"]
[EventType "tourn (corr)"]
[EventRounds "6"]
[EventCountry "GER"]
[SourceTitle "Corr 2015"]
[Source "ChessBase"]
[SourceDate "2015.07.17"]
[SourceVersion "1"]
[SourceVersionDate "2015.07.17"]
[SourceQuality "1"]

1. d4 d5 2. c4 e6 3. Nc3 Nf6 4. cxd5 exd5 5. Bg5 Be7 6. e3 0-0 7. Bd3 Nbd7 8. Nge2 b6 9. 0-0 Bb7 10. Qc2 c5 11. f3 g6 12. Nf4 a6 13. Qf2 Re8 14. Rad1 b5 15. dxc5 Bxc5 16. Ncxd5 Nxd5 17. Bxd8 Nxe3 18. Rde1 Raxd8 19. Rxe3 Bxe3 0-1

[Event "LSS No Engine Cup 47 Final"]
[Site "LSS email"]
[Date "2011.12.29"]
[Round "?"]
[White "Stevens, Michael"]
[Black "Eilering, David L"]
[Result "1/2-1/2"]
[WhiteElo "1484"]
[BlackElo "1444"]
[PlyCount "62"]
[EventDate "2011.12.30"]
[EventType "tourn (corr)"]
[EventRounds "6"]
[EventCountry "GER"]
[SourceTitle "Corr 2015"]
[Source "ChessBase"]
[SourceDate "2015.07.17"]
[SourceVersion "1"]
[SourceVersionDate "2015.07.17"]
[SourceQuality "1"]

1. d4 Nf6 2. c4 g6 3. Nc3 Bg7 4. e4 d6 5. Nf3 0-0 6. Be2 Na6 7. 0-0 e5 8. Re1 Bg4 9. Be3 Bxf3 10. Bxf3 exd4 11. Bxd4 c6 12. Qd2 Qe7 13. Rad1 Rfd8 14. Qg5 Nc7 15. Qh4 Ne6 16. Be3 Qc7 17. Qg3 Nd7 18. Qxd6 Qa5 19. Be2 Ndc5 20. Qe7 Bxc3 21. bxc3 Re8 22. Qh4 Qxc3 23. Rf1 Rad8 24. Rxd8 Rxd8 25. Bxc5 Rd2 26. Bxa7 Rxe2 27. Qg3 Qxc4 28. Qb8+ Kg7 29. Qe5+ f6 30. Qd6 Rxe4 31. Qd7+ Kh6 1/2-1/2

[Event "SD-2011-0-00121"]
[Site "LSS email"]
[Date "2011.11.25"]
[Round "?"]
[White "Eilering, David L"]
[Black "Belter, Edmund"]
[Result "1-0"]
[WhiteElo "1450"]
[BlackElo "1105"]
[PlyCount "33"]
[EventDate "2011.10.10"]
[EventType "tourn (corr)"]
[EventRounds "6"]
[EventCountry "GER"]
[SourceTitle "Corr 2015"]
[Source "ChessBase"]
[SourceDate "2015.07.17"]
[SourceVersion "1"]
[SourceVersionDate "2015.07.17"]
[SourceQuality "1"]

1. d4 Nc6 2. Nf3 d6 3. e4 Nf6 4. Nc3 d5 5. e5 Ne4 6. Bd3 Nxc3 7. bxc3 e6 8. Ng5 Be7 9. h4 g6 10. Qg4 f5 11. exf6 Bxf6 12. Nxh7 Rg8 13. h5 Kd7 14. hxg6 Bg7 15. Bg5 Ne7 16. Nf6+ Bxf6 17. Bxf6 1-0

[Event "SD-2011-0-00121"]
[Site "LSS email"]
[Date "2011.11.25"]
[Round "?"]
[White "Zhdanenia, Konstantin A"]
[Black "Eilering, David L"]
[Result "1-0"]
[WhiteElo "1953"]
[BlackElo "1450"]
[PlyCount "63"]
[EventDate "2011.10.10"]
[EventType "tourn (corr)"]
[EventRounds "6"]
[EventCountry "GER"]
[SourceTitle "Telechess CBM 153"]
[Source "ChessBase"]
[SourceDate "2013.03.14"]
[SourceVersion "1"]
[SourceVersionDate "2013.03.14"]
[SourceQuality "1"]

1. Nf3 Nf6 2. g3 g6 3. c4 Bg7 4. Nc3 0-0 5. Bg2 d6 6. d4 Nc6 7. 0-0 Bg4 8. d5 Na5 9. Qd3 Nd7 10. b3 Nc5 11. Qd2 c6 12. Nd4 cxd5 13. cxd5 Bd7 14. Bb2 b6 15. Nd1 Bc8 16. Rc1 Na6 17. b4 Nb7 18. Nc6 Qd7 19. Bxg7 Kxg7 20. Rc4 e5 21. dxe6 fxe6 22. Rh4 Kh8 23. Ne5 Qg7 24. Nxg6+ Qxg6 25. Be4 Rf5 26. Ne3 Qg7 27. Rc1 b5 28. Bxf5 exf5 29. Qc2 Bd7 30. Nxf5 Bxf5 31. Qxf5 Rg8 32. Qxb5 1-0

[Event "RE-2011-0-00077"]
[Site "LSS email"]
[Date "2011.10.22"]
[Round "?"]
[White "Horse, Madera"]
[Black "Eilering, David L"]
[Result "0-1"]
[WhiteElo "1417"]
[BlackElo "1447"]
[PlyCount "51"]
[EventDate "2011.09.11"]
[EventType "tourn (corr)"]
[EventRounds "6"]
[EventCountry "GER"]
[SourceTitle "Telechess CBM 157"]
[Source "ChessBase"]
[SourceDate "2013.11.12"]
[SourceVersion "1"]
[SourceVersionDate "2013.11.12"]
[SourceQuality "1"]

1. e4 c5 2. Nf3 d6 3. d4 cxd4 4. Nxd4 Nf6 5. Nc3 a6 6. Bg5 e6 7. Qf3 h6 8. Bxf6 Qxf6 9. Qxf6 gxf6 10. Rd1 b5 11. Be2 Bb7 12. Bh5 Ke7 13. Bf3 Nd7 14. a3 Rg8 15. Kf1 Bg7 16. h3 Ne5 17. Be2 Rac8 18. Rg1 Nc4 19. Bxc4 Rxc4 20. g4 Rgc8 21. Nb3 f5 22. Na5 R4c7 23. Nxb7 Rxb7 24. gxf5 Bxc3 25. bxc3 Rxc3 26. fxe6 0-1

[Event "RE-2011-0-00077"]
[Site "LSS email"]
[Date "2011.10.22"]
[Round "?"]
[White "Pons, Francisco"]
[Black "Eilering, David L"]
[Result "1-0"]
[WhiteElo "1257"]
[BlackElo "1447"]
[PlyCount "75"]
[EventDate "2011.09.11"]
[EventType "tourn (corr)"]
[EventRounds "6"]
[EventCountry "GER"]
[SourceTitle "Telechess CBM 157"]
[Source "ChessBase"]
[SourceDate "2013.11.12"]
[SourceVersion "1"]
[SourceVersionDate "2013.11.12"]
[SourceQuality "1"]

1. e4 c5 2. Nf3 d6 3. d4 cxd4 4. Nxd4 Nf6 5. Nc3 a6 6. Bg5 e6 7. f4 Nbd7 8. Qe2 Qc7 9. 0-0-0 b5 10. a3 Be7 11. Bxf6 Bxf6 12. Ndxb5 axb5 13. Nxb5 Qb8 14. Nxd6+ Kf8 15. e5 Be7 16. Qh5 g6 17. Qh6+ Kg8 18. h4 Bf8 19. Qg5 h5 20. Rh3 Bh6 21. Qe7 Nxe5 22. Rb3 Qa7 23. Qxa7 Rxa7 24. Nxc8 Bxf4+ 25. Kb1 Rc7 26. Nd6 Kh7 27. Ne4 Ng4 28. g3 Bh6 29. Bb5 Ne3 30. Rd7 Rxd7 31. Bxd7 Rd8 32. Rb7 Kg8 33. a4 Nc4 34. b4 Be3 35. a5 Ra8 36. Be8 Ne5 37. Nd6 f5 38. Bb5 1-0

[Event "SE-2011-0-00085"]
[Site "LSS email"]
[Date "2011.09.26"]
[Round "?"]
[White "Eilering, David L"]
[Black "Baez, Jorge Luis"]
[Result "1/2-1/2"]
[WhiteElo "1447"]
[BlackElo "1441"]
[PlyCount "120"]
[EventDate "2011.08.22"]
[EventType "tourn (corr)"]
[EventRounds "6"]
[EventCountry "GER"]
[SourceTitle "Telechess CBM 157"]
[Source "ChessBase"]
[SourceDate "2013.11.12"]
[SourceVersion "1"]
[SourceVersionDate "2013.11.12"]
[SourceQuality "1"]

1. d4 g6 2. c4 e6 3. Nc3 Bg7 4. e4 Ne7 5. Nf3 0-0 6. Be2 d5 7. e5 Nbc6 8. 0-0 dxc4 9. Bxc4 Nf5 10. Be3 a6 11. Ne4 h6 12. g4 b5 13. Be2 Nxe3 14. fxe3 Bb7 15. Nc5 Ra7 16. Qc2 Ne7 17. e4 Bc6 18. Rad1 Bd7 19. h3 g5 20. d5 Qe8 21. a4 Ng6 22. Nxd7 Qxd7 23. Nd4 Bxe5 24. Nc6 Raa8 25. Nxe5 Nxe5 26. axb5 axb5 27. Qc5 Rfd8 28. Bxb5 Qd6 29. Qc3 Rab8 30. Ba4 exd5 31. Rxd5 Qb6+ 32. Kh1 Rxd5 33. exd5 Ng6 34. Rf6 Qxb2 35. Qxb2 Rxb2 36. Rc6 Nf4 37. Rxc7 Nxd5 38. Rc8+ Kg7 39. Rc5 Nf4 40. Rc3 Ra2 41. Bd7 Kf6 42. Rc6+ Ke7 43. Bf5 h5 44. gxh5 Nxh5 45. Bg4 Ng3+ 46. Kg1 Rb2 47. Rc3 Ne2+ 48. Bxe2 Rxe2 49. Rc6 f6 50. Rb6 Kf7 51. Rc6 f5 52. Rb6 Ra2 53. Rc6 Ra1+ 54. Kg2 Re1 55. Rc2 Kf6 56. Rb2 Re3 57. Ra2 Ke5 58. Ra5+ Kf4 59. Ra4+ Re4 60. Ra2 Rb4 1/2-1/2

[Event "SE-2011-0-00085"]
[Site "LSS email"]
[Date "2011.09.26"]
[Round "?"]
[White "Eilering, David L"]
[Black "Koenig, Michael"]
[Result "1-0"]
[WhiteElo "1447"]
[BlackElo "1380"]
[PlyCount "29"]
[EventDate "2011.08.22"]
[EventType "tourn (corr)"]
[EventRounds "6"]
[EventCountry "GER"]
[SourceTitle "Corr 2015"]
[Source "ChessBase"]
[SourceDate "2015.07.17"]
[SourceVersion "1"]
[SourceVersionDate "2015.07.17"]
[SourceQuality "1"]

1. d4 d5 2. c4 dxc4 3. Nf3 Nf6 4. e3 Be6 5. Nc3 c6 6. Ng5 Qd7 7. e4 h6 8. Nxe6 Qxe6 9. e5 Nfd7 10. Be2 Na6 11. 0-0 Rd8 12. f4 g6 13. Bg4 f5 14. exf6 exf6 15. Bxe6 1-0

[Event "FICGS class D 000174 email"]
[Site "FICGS email"]
[Date "2011.09.08"]
[Round "1"]
[White "Prie, Eric"]
[Black "Eilering, David L"]
[Result "0-1"]
[WhiteElo "1481"]
[BlackElo "1425"]
[PlyCount "76"]
[EventDate "2011.??.??"]
[EventType "tourn (corr)"]
[EventRounds "4"]
[SourceTitle "Corr 2013"]
[Source "ChessBase"]
[SourceDate "2012.11.12"]
[SourceVersion "1"]
[SourceVersionDate "2012.11.12"]
[SourceQuality "1"]

1. e4 c5 2. Nf3 d6 3. d4 cxd4 4. Nxd4 Nf6 5. Nc3 a6 6. Bg5 e6 7. f4 Nc6 8. Qd2 h6 9. Bh4 Nxe4 10. Bxd8 Nxd2 11. Nxc6 Nxf1 12. Bb6 bxc6 13. Rxf1 Rb8 14. Bd4 c5 15. Bg1 Rxb2 16. 0-0-0 Rb6 17. Kd2 Be7 18. f5 Bg5+ 19. Be3 Bxe3+ 20. Kxe3 exf5 21. Nd5 Rb2 22. c4 Rxg2 23. Rd2 Rxd2 24. Kxd2 0-0 25. Ne7+ Kh7 26. Nxf5 Bxf5 27. Rxf5 Kg6 28. Rd5 Rd8 29. Ke3 Kf6 30. h4 Re8+ 31. Kf3 Re6 32. a4 g5 33. hxg5+ hxg5 34. a5 Kg6 35. Kf2 f6 36. Kf3 Kf7 37. Kf2 Ke7 38. Kf3 Re1 0-1

[Event "OP-2011-0-01584"]
[Site "LSS email"]
[Date "2011.06.11"]
[Round "?"]
[White "Eilering, David L"]
[Black "Shim Ng Min, Francis"]
[Result "1-0"]
[WhiteElo "1417"]
[BlackElo "1182"]
[PlyCount "55"]
[EventDate "2011.06.07"]
[EventType "tourn (corr)"]
[EventRounds "4"]
[EventCountry "GER"]
[SourceTitle "Telechess CBM 151"]
[Source "ChessBase"]
[SourceDate "2012.11.13"]
[SourceVersion "1"]
[SourceVersionDate "2012.11.13"]
[SourceQuality "1"]

1. d4 Nf6 2. c4 e6 3. Nc3 Bb4 4. f3 d5 5. a3 Be7 6. e4 dxe4 7. fxe4 e5 8. d5 0-0 9. Nf3 Bg4 10. h3 Bxf3 11. Qxf3 a5 12. Bd3 Nbd7 13. 0-0 b6 14. Be3 Bc5 15. Na4 Bxe3+ 16. Qxe3 Qe7 17. Rac1 Rfb8 18. Bc2 Qd6 19. Nc3 Qc5 20. Qxc5 Nxc5 21. Rf5 Nfd7 22. b4 axb4 23. axb4 Nb7 24. Ba4 g6 25. Rf2 Nf8 26. Bc6 Ra3 27. Nb5 Rb3 28. Nxc7 1-0

[Event "OP-2011-0-01493"]
[Site "LSS email"]
[Date "2011.04.18"]
[Round "?"]
[White "Santos, Sebastiao"]
[Black "Eilering, David L"]
[Result "1-0"]
[WhiteElo "1750"]
[BlackElo "1287"]
[PlyCount "79"]
[EventDate "2011.04.15"]
[EventType "tourn (corr)"]
[EventRounds "4"]
[EventCountry "GER"]
[SourceTitle "Telechess CBM 147"]
[Source "ChessBase"]
[SourceDate "2012.03.16"]
[SourceVersion "1"]
[SourceVersionDate "2012.03.16"]
[SourceQuality "1"]

1. c4 e5 2. g3 Nc6 3. Bg2 g6 4. Nc3 Bg7 5. d3 d6 6. Rb1 f5 7. Nf3 Nf6 8. 0-0 0-0 9. b4 h6 10. b5 Ne7 11. Nd2 f4 12. Qa4 fxg3 13. hxg3 Nf5 14. Nb3 a6 15. Qa5 b6 16. Qa3 Ra7 17. Na1 Nd4 18. e3 Ne6 19. Nc2 a5 20. Nd5 Ng4 21. f3 Nf6 22. f4 Bb7 23. Bb2 exf4 24. exf4 Nxd5 25. cxd5 Bxb2 26. Qxb2 Ng7 27. Nd4 Qf6 28. Rfe1 Raa8 29. Ne6 Qxb2 30. Rxb2 Rfe8 31. Rf2 Re7 32. g4 Rae8 33. f5 gxf5 34. gxf5 Rf7 35. Be4 Bc8 36. Re3 Bxe6 37. dxe6 Rf6 38. Rg3 Re7 39. Rfg2 Kh7 40. Rg6 1-0

[Event "LSS SE-2010-0-00064"]
[Site "LSS email"]
[Date "2011.01.24"]
[Round "?"]
[White "Baez, Jorge Luis"]
[Black "Eilering, David L"]
[Result "1-0"]
[WhiteElo "1233"]
[BlackElo "1287"]
[PlyCount "63"]
[EventDate "2010.12.30"]
[EventType "tourn (corr)"]
[EventRounds "6"]
[EventCountry "GER"]
[SourceTitle "Telechess CBM 147"]
[Source "ChessBase"]
[SourceDate "2012.03.16"]
[SourceVersion "1"]
[SourceVersionDate "2012.03.16"]
[SourceQuality "1"]

1. d4 Nf6 2. c4 e6 3. e3 Bb4+ 4. Nc3 d5 5. Nf3 0-0 6. a3 Bxc3+ 7. bxc3 c5 8. Be2 dxc4 9. Bxc4 Qc7 10. 0-0 Nc6 11. Bd3 e5 12. Qc2 Re8 13. e4 c4 14. Bxc4 exd4 15. cxd4 Na5 16. Bd3 Qxc2 17. Bxc2 Nxe4 18. Re1 Bf5 19. Rb1 g6 20. Be3 Rac8 21. Rbc1 Nc4 22. Bf4 Nxa3 23. Bxe4 Rxc1 24. Bxc1 Rxe4 25. Bxa3 Rxe1+ 26. Nxe1 a5 27. Bc5 b5 28. d5 b4 29. Nf3 b3 30. Ba3 a4 31. Nd4 Bc8 32. f4 1-0

[Event "OP-2010-0-01358"]
[Site "LSS email"]
[Date "2011.01.01"]
[Round "?"]
[White "Eilering, David L"]
[Black "Molano Lafuente, Ismael"]
[Result "1-0"]
[WhiteElo "1291"]
[BlackElo "1217"]
[PlyCount "43"]
[EventDate "2010.12.28"]
[EventType "tourn (corr)"]
[EventRounds "4"]
[EventCountry "GER"]
[SourceTitle "Telechess CBM 145"]
[Source "Chessbase"]
[SourceDate "2011.11.11"]
[SourceVersion "1"]
[SourceVersionDate "2011.11.11"]
[SourceQuality "1"]

1. d4 f5 2. Nc3 Nf6 3. Bg5 e6 4. e4 fxe4 5. Nxe4 Be7 6. Bxf6 Bxf6 7. Qh5+ g6 8. Qh6 Bxd4 9. 0-0-0 Bf6 10. h4 Qe7 11. Nxf6+ Qxf6 12. h5 Rg8 13. Bd3 Qf7 14. hxg6 hxg6 15. Nf3 Nc6 16. Qg5 Nb4 17. Be4 Qe7 18. Qf4 Qg7 19. Ne5 g5 20. Qg3 Qf6 21. Ng4 Qf8 22. Qxc7 1-0

[Event "OP-2010-0-01335"]
[Site "LSS email"]
[Date "2010.12.08"]
[Round "?"]
[White "Eilering, David L"]
[Black "Wood, Brian B"]
[Result "1-0"]
[WhiteElo "1253"]
[BlackElo "1400"]
[PlyCount "29"]
[EventDate "2010.12.03"]
[EventType "tourn (corr)"]
[EventRounds "4"]
[EventCountry "GER"]
[SourceTitle "Corr 2015"]
[Source "ChessBase"]
[SourceDate "2015.07.17"]
[SourceVersion "1"]
[SourceVersionDate "2015.07.17"]
[SourceQuality "1"]

1. d4 Nf6 2. c4 g6 3. Nc3 Bg7 4. e4 d6 5. Bd3 0-0 6. Nge2 c6 7. f3 e5 8. Be3 Re8 9. d5 cxd5 10. cxd5 a6 11. 0-0 Nbd7 12. b4 b5 13. Qb3 Bb7 14. a4 bxa4 15. Rxa4 1-0

[Event "CP-2010-P-00026"]
[Site "LSS email"]
[Date "2010.09.28"]
[Round "?"]
[White "Eilering, David L"]
[Black "Muller, Henri Louis"]
[Result "0-1"]
[WhiteElo "1227"]
[BlackElo "2090"]
[PlyCount "56"]
[EventDate "2010.10.01"]
[EventType "tourn (corr)"]
[EventRounds "6"]
[EventCountry "GER"]
[SourceTitle "Telechess CBM 143"]
[Source "ChessBase"]
[SourceDate "2011.07.15"]
[SourceVersion "1"]
[SourceVersionDate "2011.07.15"]
[SourceQuality "1"]

1. c4 Nf6 2. g3 e5 3. Bg2 d5 4. cxd5 Nxd5 5. Nf3 Nc6 6. 0-0 Nb6 7. d3 Be7 8. Nc3 0-0 9. Be3 Be6 10. Qc1 Nd5 11. Rd1 f5 12. Ng5 Bxg5 13. Bxg5 Qd7 14. e4 Nxc3 15. bxc3 h6 16. Be3 Rad8 17. Qc2 f4 18. gxf4 exf4 19. Bc5 Rf6 20. f3 Bh3 21. Rd2 b6 22. Ba3 Bxg2 23. Kxg2 Ne5 24. d4 Nxf3 25. Kxf3 Qh3+ 26. Ke2 f3+ 27. Kf2 Qg2+ 28. Ke3 f2 0-1

[Event "OP-2010-0-01258"]
[Site "LSS email"]
[Date "2010.09.10"]
[Round "?"]
[White "Eilering, David L"]
[Black "Gonzalez Morales, Eduardo Ivan"]
[Result "1-0"]
[WhiteElo "1254"]
[BlackElo "1456"]
[PlyCount "59"]
[EventDate "2010.09.05"]
[EventType "tourn (corr)"]
[EventRounds "4"]
[EventCountry "GER"]
[SourceTitle "Corr 2013"]
[Source "ChessBase"]
[SourceDate "2012.11.12"]
[SourceVersion "1"]
[SourceVersionDate "2012.11.12"]
[SourceQuality "1"]

1. c4 g6 2. g3 e5 3. Bg2 Bg7 4. Nc3 Ne7 5. e4 0-0 6. Nge2 d6 7. 0-0 c5 8. d3 Nbc6 9. a3 Nd4 10. b4 Nxe2+ 11. Nxe2 Nc6 12. b5 Nd4 13. Nxd4 cxd4 14. a4 Qc7 15. Qb3 Be6 16. Ba3 b6 17. Bb4 Rac8 18. Qa3 Rfd8 19. a5 Bf8 20. axb6 axb6 21. Ra2 h5 22. Rfa1 Kg7 23. Qc1 Rd7 24. f4 Qd8 25. Rf2 exf4 26. gxf4 Rdc7 27. f5 Bd7 28. fxg6 fxg6 29. Qb2 Qg5 30. Qxd4+ 1-0

[Event "OP-2010-0-01258"]
[Site "LSS email"]
[Date "2010.09.10"]
[Round "?"]
[White "Jostov, Keylah"]
[Black "Eilering, David L"]
[Result "1-0"]
[WhiteElo "1148"]
[BlackElo "1221"]
[PlyCount "69"]
[EventDate "2010.09.05"]
[EventType "tourn (corr)"]
[EventRounds "4"]
[EventCountry "GER"]
[SourceTitle "Telechess CBM 143"]
[Source "ChessBase"]
[SourceDate "2011.07.15"]
[SourceVersion "1"]
[SourceVersionDate "2011.07.15"]
[SourceQuality "1"]

1. e4 e6 2. d4 d5 3. e5 c5 4. Nf3 Nc6 5. Bd3 cxd4 6. 0-0 Nge7 7. Bf4 Ng6 8. Bg3 Qb6 9. Nbd2 Qxb2 10. h4 Bb4 11. h5 Nge7 12. Rb1 Qa3 13. Rb3 Qa5 14. Qe2 Qxa2 15. Rfb1 Qa5 16. Bf4 h6 17. Nh4 a6 18. Nf1 Bc3 19. Qg4 Kf8 20. Ng3 Qc7 21. Ne2 Na5 22. Rb6 Nc4 23. Bxc4 Qxc4 24. Rd6 Nc6 25. Nxc3 Qxc3 26. Rb6 Qe1+ 27. Kh2 Qa5 28. Rb3 Rg8 29. Rf3 Qc7 30. Bg3 Ke8 31. Ng6 Ne7 32. Nxe7 Qxe7 33. Bh4 g5 34. hxg6 Rxg6 35. Qf4 1-0

[Event "LSS SE-2010-0-00042"]
[Site "LSS email"]
[Date "2010.03.22"]
[Round "?"]
[White "Ferluga, Sergio"]
[Black "Eilering, David L"]
[Result "1-0"]
[WhiteElo "1467"]
[BlackElo "1230"]
[PlyCount "73"]
[EventDate "2010.01.20"]
[EventType "tourn (corr)"]
[EventRounds "6"]
[EventCountry "GER"]
[SourceTitle "Telechess CBM 141"]
[Source "ChessBase"]
[SourceDate "2011.03.17"]
[SourceVersion "1"]
[SourceVersionDate "2011.03.17"]
[SourceQuality "1"]

1. e4 e6 2. d4 d5 3. Nc3 Nf6 4. e5 Nfd7 5. f4 c5 6. Nf3 Nc6 7. Be3 cxd4 8. Nxd4 Bc5 9. Be2 Qb6 10. Na4 Qa5+ 11. c3 Nxd4 12. Bxd4 Bxd4 13. Qxd4 b6 14. Bd1 0-0 15. 0-0 Ba6 16. Rf3 Qb5 17. Bc2 Nc5 18. Nxc5 bxc5 19. Qf2 g6 20. b3 Qe2 21. Re1 Qxf2+ 22. Kxf2 Rfd8 23. g4 Bb7 24. f5 d4 25. Rg3 Ba6 26. c4 Bb7 27. f6 a5 28. g5 a4 29. bxa4 Bc6 30. Ra3 Ra5 31. Rb1 Kf8 32. Rb6 Rc8 33. Ke2 Ke8 34. Rh3 Bxa4 35. Rxh7 Bc6 36. a4 Bxa4 37. Rd6 1-0

[Event "Swiss-534.4.04"]
[Site "IECC email"]
[Date "2009.12.14"]
[Round "?"]
[White "Eilering, David L"]
[Black "Corbacho, Jose Luis"]
[Result "0-1"]
[WhiteElo "1415"]
[BlackElo "1641"]
[PlyCount "70"]
[EventDate "2009.??.??"]
[EventType "tourn (corr)"]
[SourceTitle "Telechess CBM 149"]
[Source "ChessBase"]
[SourceDate "2012.07.17"]
[SourceVersion "1"]
[SourceVersionDate "2012.07.17"]
[SourceQuality "1"]
[WhiteTeam "US of America"]
[BlackTeam "Spain"]
[WhiteTeamCountry "USA"]
[BlackTeamCountry "ESP"]

1. c4 f5 2. Nc3 Nf6 3. g3 g6 4. Bg2 Bg7 5. d4 d6 6. d5 Na6 7. Nh3 e5 8. dxe6 Nc5 9. Nf4 c6 10. 0-0 0-0 11. Qc2 Nxe6 12. Rd1 Ng4 13. h3 Ne5 14. b3 Nxf4 15. gxf4 Nf7 16. e3 Qh4 17. Bb2 Be6 18. Rd3 g5 19. Ne2 h6 20. Bxg7 Kxg7 21. Qc3+ Kh7 22. e4 gxf4 23. Rf3 Rg8 24. Rxf4 Qg5 25. Qf3 Ne5 26. Qg3 Qe7 27. Qe3 Nxc4 28. bxc4 Qg7 29. Ng3 Qxa1+ 30. Kh2 Qe5 31. Rh4 Qg7 32. Qf4 Raf8 33. a3 Bxc4 34. exf5 d5 35. Bf3 Qg5 0-1